000 01450nam0a2200313 4500
001 RU\NLR\bibl\1424655
005 20260531070846.0
010 _a978-5-904082-02-4
035 _a(NLR Aleph) 001416582
090 _a1315933
_c1315933
100 _a20090831d2008 |||y0rusy50 ca
101 0 _arus
102 _aRU
105 _aa |||||||||
200 1 _aДрама жизни и Святые двенадцать. Фриц Хайнрих Кляйн, непризнанный гений
_fВалерия Ценова
210 _aМосква
_cМузиздат
_d2008
215 _a326 с., [8] л. ил., цв. ил., портр.
_cил., нот.
_d21
327 1 _aВ кн. также: Машига - внетональная самосатира; Нострадамус; Святые двенадцать; Афоризмы/ Фриц Хайнрих Кляйн
517 0 _aФриц Хайнрих Кляйн, непризнанный гений
600 1 _aКляйн
_bФ.Х.
_f1892 - 1977
_gФриц Хайнрих
_92572385
_3RU\NLR\auth\661521119
686 _aЩ313(4А)6-81Кляйн
686 _aШ5(4А)6-4Кляйн
700 1 _4070
_8rus
_7ca
_aЦенова
_bВ. С.
_gВалерия Стефановна
_3RU\NLR\auth\773784
_9113776
702 1 _aКляйн
_bФ. Х.
_f1892-1977
_gФриц Хайнрих
_4570
801 0 _aRU
_bNLR
_c20090831
_gRCR
801 1 _aRU
_bNLR
_c20090831
942 _cBOOK
980 _aNB